Statistiques concernant Clubs de Saudi Pro League

Cliquez ici pour prendre le quiz!

Statistiques générales

  • Ce quiz a été pris 26 fois
  • Le résultat moyen est 7 sur 18

Statistiques - réponses

Réponse% Correct
Al Nassr FC
100%
Al Hilal FC
96%
Al Ahli FC
78%
Al Ittihad Club
74%
Al Ettifaq FC
52%
Al Shabab FC
52%
Abha Club
35%
Al Fateh SC
35%
Al Ta'ee SC
30%
Al Wehda
26%
Damac FC
22%
Al Khaleej FC
17%
Al Riyad SC
17%
Al Hazm
13%
Al Feiha
9%
Al Raed FC
9%
Al Taawon
4%
Al Okhdoud
0%

Distribution des résultats

Percentile par nombre de réponses

% des personnes avec chaque résultat

Votre développement - résultats

Vous n’avez pas pris ce quiz